Prénoms de stars - Série 11 - Statistiques

Statistiques générales
  • Ce quiz a été pris 416 fois
  • Le résultat moyen est 9 sur 10
Statistiques - réponses
Nom Prénom % Correct
Jolie Angelina
97%
Roberts Julia
97%
Aniston Jennifer
95%
Diaz Cameron
92%
Kidman Nicole
92%
Portman Natalie
91%
Streep Meryl
86%
Johansson Scarlett
86%
Bullock Sandra
85%
Olsen Elizabeth
30%
Aucun quiz correspondant
Distribution des résultats
% des personnes avec chaque résultat
Percentile par nombre de réponses
Votre historique - résultats
Vous n’avez pas pris ce quiz